Statistics for British Words

Click here to take the quiz!

General Stats

  • This quiz has been taken 278 times
    (264 since last reset)
  • The average score is 23 of 37

Answer Stats

AmericanBritish% Correct
ElevatorLift
92%
French FriesChips
91%
MathMaths
91%
PantsTrousers
91%
ApartmentFlat
89%
EraserRubber
89%
TrashRubbish
89%
DaiperNappy
88%
Flash LightTorch
88%
Parking LotCarpark
83%
SneakerTrainer
83%
Counter-ClockwiseAnti-Clockwise
81%
Cell PhoneMobile
81%
CopsPolice
80%
HighwayMotorway
78%
BarPub
77%
YardGarden
75%
TrunkBoot
74%
RestroomToilet
74%
First FloorGround Floor
72%
Jell-OJelly
67%
FaucetTap
62%
EggplantAubergine
60%
JellyJam
59%
KindergartenNursery
59%
AluminumAluminium
58%
Front DeskReception
56%
LawyerBarrister
52%
Push ChairPram
48%
HickeyLove Bite
43%
Charge AccountBank Account
21%
TylanolParacetamol
21%
Down SpoutDrainpipe
14%
AirplaneAircraft
9%
DoohickeyThingy
9%
ElypticalCross Trainer
4%
BackhoeDigger
4%

Score Distribution

Percentile by Number Answered

Percent of People with Each Score

Your Score History

You have not taken this quiz since the last reset